Status of the latex-based rubber products manufacturing industry in India (Record no. 51291)

MARC details
000 -LEADER
fixed length control field 00454nam a2200109Ia 4500
100 ## - MAIN ENTRY--AUTHOR NAME
Personal name Jacob J
245 #0 - TITLE STATEMENT
Title Status of the latex-based rubber products manufacturing industry in India
260 ## - PUBLICATION, DISTRIBUTION, ETC. (IMPRINT)
Name of publisher National Rubber Conference 2018: Technology Adoption and Market Expansion, 27-28 November 2018, All India Rubber Industries Association, Kolkata, India.
650 ## - SUBJECT ADDED ENTRY--TOPICAL TERM
Topical Term Latex based rubber products
942 ## - ADDED ENTRY ELEMENTS (KOHA)
Koha item type Bibliography STAF
Holdings
Withdrawn status Lost status Damaged status Not for loan Home library Current library Shelving location Date acquired Koha item type
      Bibliography RRII Library RRII Library Rubber general 01/01/2019 Bibliography STAF